La ciudad de Dios / (Record no. 170548)
[ view plain ]
| 000 -LEADER | |
|---|---|
| campo de control de longitud fija | 01182nam a2200325 i 4500 |
| 001 - NÚMERO DE CONTROL | |
| campo de control | 170548 |
| 003 - IDENTIFICADOR DE NÚMERO DE CONTROL | |
| campo de control | ES-MaACL |
| 005 - FECHA Y HORA DE LA ÚLTIMA TRANSACCIÓN | |
| campo de control | 20230906214408.0 |
| 007 - CAMPO FIJO DE DESCRIPCIÓN FÍSICA--INFORMACIÓN GENERAL | |
| campo de control de longitud fija | t| |
| 008 - DATOS DE LONGITUD FIJA--INFORMACIÓN GENERAL | |
| campo de control de longitud fija | 090313s1958 sp |||| | spa d |
| 080 ## - NÚMERO DE LA CLASIFICACIÓN DECIMAL UNIVERSAL | |
| Número de la Clasificación Decimal Universal | 236.97 |
| 080 ## - NÚMERO DE LA CLASIFICACIÓN DECIMAL UNIVERSAL | |
| Número de la Clasificación Decimal Universal | 239 |
| 100 0# - ENTRADA PRINCIPAL--NOMBRE DE PERSONA | |
| Nombre de persona | Agustín |
| Títulos y otros términos asociados al nombre | Santo, Obispo de Hipona. |
| 9 (RLIN) | 125563 |
| 245 13 - MENCIÓN DEL TÍTULO | |
| Título | La ciudad de Dios / |
| Mención de responsabilidad, etc. | [San Agustín] ; edición preparada por el Padre José Morán. |
| 250 ## - MENCION DE EDICION | |
| Mención de edición | Ed. bilingüe. |
| 260 ## - PUBLICACIÓN, DISTRIBUCIÓN, ETC. | |
| Lugar de publicación, distribución, etc. | Madrid : |
| Nombre del editor, distribuidor, etc. | Biblioteca de Autores Cristianos : |
| -- | La Editorial Católica, |
| Fecha de publicación, distribución, etc. | 1958. |
| 300 ## - DESCRIPCIÓN FÍSICA | |
| Extensión | XII, 1728 p. ; |
| Dimensiones | 20 cm. |
| 490 1# - MENCIÓN DE SERIE | |
| Mención de serie | Obras de San Agustín ; |
| Designación de volumen o secuencia | 16-17 |
| 490 1# - MENCIÓN DE SERIE | |
| Mención de serie | B.A.C. ; |
| Designación de volumen o secuencia | 171-172. |
| Mención de serie | Sección VI. |
| -- | Filosofía |
| 500 ## - NOTA GENERAL | |
| Nota general | Catálogo de los vols. de la B.A.C. en las [12] p. finales. |
| 546 ## - NOTA DE IDIOMA | |
| Nota de lengua/lenguaje | Texto en español y latín. |
| 597 ## - NOTA DE DESCRIPCIÓN FÍSICA | |
| NOTA DE DESCRIPCIÓN FÍSICA | 2 t. en 1 v. |
| 650 #4 - PUNTO DE ACCESO ADICIONAL DE MATERIA--TÉRMINO DE MATERIA | |
| Término de materia o nombre geográfico como elemento de entrada | Reino de Dios. |
| 9 (RLIN) | 139635 |
| 650 04 - PUNTO DE ACCESO ADICIONAL DE MATERIA--TÉRMINO DE MATERIA | |
| Término de materia o nombre geográfico como elemento de entrada | Apologética. |
| 9 (RLIN) | 9921 |
| 700 1# - ENTRADA AGREGADA--NOMBRE PERSONAL | |
| Nombre de persona | Morán, José |
| Títulos y otros términos asociados al nombre | (O.S.A.) |
| 9 (RLIN) | 83103 |
| 830 0# - PUNTO DE ACCESO ADICIONAL DE SERIE-TÍTULO UNIFORME | |
| Título uniforme | Obras de San Agustín ; |
| Designación de volumen o secuencia | 16-17 |
| 9 (RLIN) | 223044 |
| 830 0# - PUNTO DE ACCESO ADICIONAL DE SERIE-TÍTULO UNIFORME | |
| Título uniforme | B.A.C. ; |
| Designación de volumen o secuencia | 171-172. |
| Título uniforme | Sección VI. |
| -- | Filosofía |
| 9 (RLIN) | 191901 |
| 852 ## - LOCALIZACIÓN | |
| Ubicación | ES-MaACL |
| Número de control de estantería | E-12516 |
| Nota libre | . - Biblioteca Jacinto Martínez Lacalle |
| Estatus retirado | Estado de pérdida | Estado de daño | No para préstamo | Biblioteca de origen | Biblioteca actual | Ubicación en estantería | Fecha de adquisición | Fuente de adquisición | Total de préstamos | Signatura topográfica completa | Código de barras | Visto por última vez | Precio de reemplazo | Tipo de ítem Koha |
|---|---|---|---|---|---|---|---|---|---|---|---|---|---|---|
| Biblioteca del Ateneo de Madrid | Biblioteca del Ateneo de Madrid | Depósito 2 | 13/03/2009 | E-12516 | 1178980 | 23/02/2023 | 23/02/2023 | Libro impreso |
